Pokémon di tipo Spettro - Statistics

Statistiche generali
  • Questo quiz è stato fatto 27 volte
  • Il punteggio medio è 54 su 90
Statistiche sulle risposte
Numero Pokédex Nazionale Tipo Tipo Pokémon % Corretto
356 Spettro Spettro Dusclops
100%
92 Spettro Veleno Gastly
100%
94 Spettro Veleno Gengar
100%
94 Spettro Veleno Gengar Gigamax
100%
93 Spettro Veleno Haunter
100%
94 Spettro Veleno MegaGengar
100%
354 Spettro Spettro Banette
94%
477 Spettro Spettro Dusknoir
94%
355 Spettro Spettro Duskull
94%
354 Spettro Spettro MegaBanette
94%
353 Spettro Spettro Shuppet
94%
302 Buio Spettro MegaSableye
89%
200 Spettro Spettro Misdreavus
89%
302 Buio Spettro Sableye
89%
426 Spettro Volante Drifblim
83%
425 Spettro Volante Drifloon
83%
487 Spettro Drago Giratina (Forma Alterata)
83%
487 Spettro Drago Giratina (Forma Originale)
83%
292 Coleottero Spettro Shedinja
83%
442 Spettro Buio Spiritomb
83%
157 Fuoco Spettro Typhlosion (Forma di Hisui)
83%
609 Spettro Fuoco Chandelure
78%
478 Ghiaccio Spettro Froslass
78%
608 Spettro Fuoco Lampent
78%
105 Fuoco Spettro Marowak (Forma di Alola)
78%
429 Spettro Spettro Mismagius
78%
479 Elettro Spettro Rotom (Forma Rotom)
78%
493 Spettro Spettro Arceus (Spettro)
72%
592 Acqua Spettro Frillish
72%
607 Spettro Fuoco Litwick
72%
563 Spettro Spettro Cofagrigus
67%
622 Terra Spettro Golett
67%
623 Terra Spettro Golurk
67%
593 Acqua Spettro Jellicent
67%
708 Spettro Erba Phantump
67%
709 Spettro Erba Trevenant
67%
562 Spettro Spettro Yamask
67%
562 Terra Spettro Yamask (Forma di Galar)
67%
711 Spettro Erba Gourgeist (Grande)
61%
711 Spettro Erba Gourgeist (Maxi)
61%
711 Spettro Erba Gourgeist (Mini)
61%
711 Spettro Erba Gourgeist (Normale)
61%
679 Acciaio Spettro Honedge
61%
710 Spettro Erba Pumpkaboo (Grande)
61%
710 Spettro Erba Pumpkaboo (Maxi)
61%
710 Spettro Erba Pumpkaboo (Mini)
61%
710 Spettro Erba Pumpkaboo (Normale)
61%
681 Acciaio Spettro Aegislash (Forma Scudo)
56%
681 Acciaio Spettro Aegislash (Forma Spada)
56%
724 Erba Spettro Decidueye
56%
680 Acciaio Spettro Doublade
56%
887 Drago Spettro Dragapult
56%
720 Psico Spettro Hoopa (Vincolato)
56%
571 Normale Spettro Zoroark (Forma di Hisui)
56%
570 Normale Spettro Zorua (Forma di Hisui)
56%
222 Spettro Spettro Corsola (Forma di Galar)
50%
885 Drago Spettro Dreepy
50%
770 Spettro Terra Palossand
50%
898 Psico Spettro Calyrex (Cavaliere Spettrale)
44%
781 Spettro Erba Dhelmise
44%
886 Drago Spettro Drakloak
44%
769 Spettro Terra Sandygast
44%
773 Spettro Spettro Silvally (Tipo Spettro)
44%
864 Spettro Spettro Cursola
39%
778 Spettro Folletto Mimikyu
39%
741 Spettro Volante Oricorio (StileBuyō)
39%
911 Fuoco Spettro Skeledirge
39%
979 Lotta Spettro Annihilape
33%
902 Acqua Spettro Basculegion (Femmina)
33%
902 Acqua Spettro Basculegion (Maschio)
33%
806 Fuoco Spettro Blacephalon
33%
947 Erba Spettro Brambleghast
33%
946 Erba Spettro Bramblin
33%
937 Fuoco Spettro Ceruledge
33%
1000 Acciaio Spettro Gholdengo
33%
999 Spettro Spettro Gimmighoul (Forma Ambulante)
33%
999 Spettro Spettro Gimmighoul (Forma Scrigno)
33%
792 Psico Spettro Lunala
33%
802 Lotta Spettro Marshadow
33%
800 Psico Spettro Necrozma (Necrozma Ali dell'Aurora)
33%
867 Terra Spettro Runerigus
33%
897 Spettro Spettro Spectrier
33%
987 Spettro Folletto Crinealato
28%
972 Spettro Spettro Houndstone
28%
1025 Veleno Spettro Pecharunt
28%
854 Spettro Spettro Sinistea
28%
971 Spettro Spettro Greavard
22%
855 Spettro Spettro Polteageist
22%
1012 Erba Spettro Poltchageist
17%
1013 Erba Spettro Sinistcha
17%
Nessun quiz corrispondente trovato
Distribuzione punteggi
Percentuale di utenti per punteggio
Percentile per numero di risposta
I tuoi punteggi nel tempo
Non hai fatto questo quiz